Publicaciones locales : las plumas paradas de la prensa del siglo XX /

Al leer a los "noteros" centenarios con ojos bicentenarios, vemos a padres y madres del periodismo nacional registrando la realidad con una técnica más impresionista que realista - tecnológica. El estilo humorístico era su bastión. Angel Pino, César Cascabel, Inés Echeverría, Carlos Pezoa Véliz, Fra...

Full description

Bibliographic Details
Main Author: Schmidlin Moore, Heidi A.
Format: Analitica de revista
Language:Spanish
Published: Santiago, Chile La Dirección 2009
Subjects:

MARC

LEADER 00000cab a2200000 a 4500
001 035934
003 UAHC_CL
005 20170803123931.0
008 100225s2009 cl 000 spa
040 |a UAHC_CL  |c UAHC_CL  |d UAHC_CL 
100 1 |a Schmidlin Moore, Heidi A. 
245 1 0 |a Publicaciones locales :  |b las plumas paradas de la prensa del siglo XX /  |c Heidi Ana Schmidlin Moore. 
260 |b La Dirección  |a Santiago, Chile  |c 2009 
300 |a p. 8-10 
500 |a En: Patrimonio Cultural, nû51 (2009). p. 8-10. ISSN 07171501. 
500 |a En: Patrimonio Cultural, n°51 (2009). p. 8-10. ISSN 07171501. 
500 |a En: Patrimonio Cultural, nç51 (2009). p. 8-10. ISSN 07171501. 
520 |a Al leer a los "noteros" centenarios con ojos bicentenarios, vemos a padres y madres del periodismo nacional registrando la realidad con una técnica más impresionista que realista - tecnológica. El estilo humorístico era su bastión. Angel Pino, César Cascabel, Inés Echeverría, Carlos Pezoa Véliz, Francisco Bilbao, Augusto D'Halmar, Amanda Labarca, Jenaro Prieto... helos aquí nuevamente con sus plumas agitando impresos. 
520 |a Al leer a los "noteros" centenarios con ojos bicentenarios, vemos a padres y madres del periodismo nacional registrando la realidad con una técnica más impresionista que realista - tecnológica. El estilo humorístico era su bastión. Angel Pino, César Cascabel, Inés Echeverría, Carlos Pezoa Véliz, Francisco Bilbao, Augusto D'Halmar, Amanda Labarca, Jenaro Prieto... helos aquí nuevamente con sus plumas agitando impresos. 
650 4 |a PRENSA  |x HISTORIA  |z CHILE 
759 |a PP098 
773 0 |t Patrimonio cultural  |g Invierno 2008, p. 12-13 
773 0 |t Patrimonio cultural : revista de la dirección de bibliotecas, archivos y museos.  |w 035858 
900 |a PATRIMONIO CULT.-51/09 
942 |c REVA 
952 |0 0  |1 0  |4 0  |6 PATRIMONIO_CULT_51_09_000000000000000  |7 0  |8 General  |9 68457  |a BC  |b BC  |c General  |d 2017-08-03  |l 0  |o PATRIMONIO CULT.-51/09  |p FICTICIO4572  |r 2019-01-08 00:00:00  |t 1  |w 2017-08-03  |y REVA 
999 |c 35934  |d 35934